Συστημική θεωρία = Systems theory

Αποθηκεύτηκε σε:
Λεπτομέρειες βιβλιογραφικής εγγραφής
Άλλοι συγγραφείς: Δεκλερής, Μιχαήλ Ηλ., 1932-1999 (Επιμελητής έκδοσης, Συγγραφέας εισαγωγής κ.λπ.)
Μορφή: Βιβλίο
Γλώσσα:Greek
English
Δημοσίευση: Αθήνα ; Κομοτηνή : Σάκκουλας, 1986.
Σειρά:Ελληνική ομάς συστημάτων ; 1
Θέματα:
Ετικέτες: Προσθήκη ετικέτας
Δεν υπάρχουν, Καταχωρήστε ετικέτα πρώτοι!

MARC

LEADER 00000cam a2200000 i 4500
001 1/45176
008 941103s1986####gr | | ||| |||| ||gre||
035 |a 1987  |l 10042472 
040 |a GR-MyUA  |b gre  |e AACR2 
041 0 |a gre  |h eng 
082 0 |a 003  
245 0 0 |a Συστημική θεωρία =   |b Systems theory /   |c εισαγωγή-επιμέλεια Μιχαήλ Δεκλερής.  
246 1 |i Παράλληλος τίτλος:   |a Systems theory  
260 |a Αθήνα ; Κομοτηνή :   |b Σάκκουλας,   |c 1986.  
300 |a 306 σ. :   |b εικ. ;   |c 21 εκ.  
490 1 |a (Ελληνική ομάς συστημάτων ;   |v 1)  
650 0 0 |a Cybernetics. 
650 0 0 |a System theory. 
700 1 |a Δεκλερής, Μιχαήλ Ηλ.,   |d 1932-1999,  |e edt  |e aui 
830 0 |a Ελληνική ομάς συστημάτων ;  |v  1  
852 |a INST  |b CHIOS  |e 19980713  |h 003 ΣΥΣ  |p 005200016074  |q 005200016074  |t BK  |y 0 
852 |a INST  |b SAMOS  |e 19941103  |h 003 ΣΥΣ  |p 005300002315  |q 005300002315  |t BK  |y 0 
909 |a Σ  |b 008244 
909 |a Χ  |b 002864